00976cam a2200253 a 450000100060000000300080000600500170001400800390003103500190007003500110008904000330010004100110013308200220014410000610016624501310022726000310035830000210038950000560041050400410046665000300050794200120053799900170054995201560056626776BD-RjUL20211209051051.0140323s1972 rur b 000 0 eng a(BD-RjUL)26847 a387102 aLCbengcLCdANL:NRdBD-RjUL1 aengrus04a320.947bCHS 19721 aChkhikvadze, V. M.q(Viktor Mikhailovich),d1912-98229614aThe Soviet form of popular government /cPrincipal editor:bV. M. Chkhikvadze. [Translated from the Russian by James Riordan]. aMoscow :bProgress,c1972. a253 p. ;c21 cm. aTranslation of Sovety-organy narodovlastiia v SSSR. aIncludes bibliographical references. 0aSoviets (Councils)912000 2ddccBK c26776d26776 00102ddc40728NFICaRUCLbRUCLcReadingd1974-04-03eSoviet Puustak Prodersionsg4.00l0o320.947 CHS 1972r2014-03-23 00:00:00tC-1w2014-03-23yBK